00687 a2200205 4500020003600000020003300036020003600069020003300105020002600138020002300164050002000187100003600207245006400243264002600307300002800333500001900361504005600380650001200436700003300448 a9780415488112 (hb : alk. paper) a0415488117 (hb : alk. paper) a9780415488129 (pb : alk. paper) a0415488125 (pb : alk. paper) a9780203874042 (ebook) a0203874048 (ebook)00aPN2061 KOG 20101 aKogan, Sam,d1946-2004.eauthor14aThe science of acting /cSam Kogan ; edited by Helen Kogan. aOxonbRoutledgec2010 axxvii, 264 p. :bill. ; aIncludes index aIncludes bibliographical references (p. [254]-258)  0aActing.1 aKogan, Helen,d1975-eEditor